000 00645nam a2200217 a 4500
001 46647
003 BD-RjUL
005 20211209054201.0
008 160611s1939 enk b 001 0 eng d
035 _a(BD-RjUL) 46766
040 _aIBA
_cIBA
_dBD-RjUL
_beng
041 _aeng
082 _a327
_bDOC 1937
_223
245 0 0 _aDocuments on International Affairs 1936 /
_cEdited by Stephen Heald
260 _aLondon :
_bOxford University Press,
_c1937
300 _a850 p. ;
_c22 cm.
504 _aIncludes bibliography and index.
650 0 _aInternational Relations
_983021
700 _aHeald, Stephen Edited by
_9129843
942 _2ddc
_cBK
999 _c46647
_d46647